00434nam a22001457a 4500003000400000005001700004008004100021020001800062040000700080082001300087100005500100245008800155260003700243300000800280OSt20210826095436.0210826b |||||||| |||| 00| 0 eng d a0-13-488801-4 cHU a519.5024 aDavid M.Levin Patrical P.Ramsey Robert K. Smidt  aAPPLIED STATISTICS FOR ENGINEERS AND SCLENTISTS Using Microsoft Excel@ and MINITAB aNew JerseybPRENTICE HALL c2001 a671